| 000 | 00607nam a2200181 i 4500 | ||
|---|---|---|---|
| 001 | bg | ||
| 100 | 1 | _aPURCZYŃSKI, Jan | |
| 245 | 0 |
_aTeoria obwodów liniowych-czwórniki / _cJan Purczyński ; Politechnika Szczecińska. Instytut Automatyki Przemysłowej. |
|
| 260 |
_aSzczecin : _bWydaw. Uczelniane PS, _c1992. |
||
| 300 |
_a208 s. : _brys., wykr. ; _c24 cm. |
||
| 504 | _aBibliogr. s. 194-195. | ||
| 710 | _aPOLITECHNIKA SZCZECIŃSKA (Szczecin). Instytut Automatyki Przemysłowej | ||
| 040 | _cBPK | ||
| 041 | _apol | ||
| 080 | _a621.327:51 | ||
| 942 | _cKS | ||
| 008 | s pl f |000 0 pol | ||
| 999 |
_c6424 _d6424 |
||
| 856 |
_uhttp://koha.tu.koszalin.pl/cgi-bin/koha/opac-detail.pl?biblionumber=6424 _yKatalog online BPK |
||